<The> Long-run relationship betven real exchange rates and real interest rate differentials <a> panel study

Enregistré dans:
Détails bibliographiques
Auteur principal: MacDonald, Ronald
Autres auteurs: Nagayasu, Jun
Format: Livre
Langue:anglais
Publié: Washington International Monetary Fund 1999
Collection:IMF Working Paper 37
Sujets:
Tags: Ajouter un tag
Pas de tags, Soyez le premier à ajouter un tag!

MARC

LEADER 00000nam a2200000 4500
001 c110409
005 20221221082859.5
041 0 |a eng 
044 |a US 
245 1 0 |a <The> Long-run relationship betven real exchange rates and real interest rate differentials  |b <a> panel study  |c Ronald MacDonald and Jun Nagayasu 
264 1 |a Washington  |b International Monetary Fund  |c 1999 
300 |a 12 s. 
490 1 |a IMF Working Paper  |v 37 
830 0 |a IMF Working Paper  |v 37 
610 2 0 |a kurz menový reálny 
610 2 0 |a sadzby úrokové 
610 2 0 |a modely 
610 2 0 |a modely ekonometrické 
610 2 0 |a modely ekonomické 
610 2 0 |a Medzinárodný menový fond 
100 1 |a MacDonald, Ronald 
700 1 |a Nagayasu, Jun